000 00476nam a22001937a 4500
003 CEME
005 20210628203424.0
008 210114b xxu||||| |||| 00| 0 eng d
020 _a0-273-65493-4
040 _c.
082 _a332.024 RET
100 _aBertram, David
_965337
245 _aRetirement planning handbook
250 _a8TH
260 _aGREAT BRITAIN
_bCP
_c2002
300 _aXII,330P
650 _aRETIREMENT PLANNING HANDBOOK
_965338
942 _cBK
_2ddc
999 _c573584
_d573584